International copyright law and policy / (Record no. 11762)
[ view plain ]
| 000 -LEADER | |
|---|---|
| fixed length control field | 00690nam a22002172 4500 |
| 001 - CONTROL NUMBER | |
| control field | 0000025506 |
| 005 - DATE AND TIME OF LATEST TRANSACTION | |
| control field | 20151217154550.0 |
| 008 - FIXED-LENGTH DATA ELEMENTS--GENERAL INFORMATION | |
| fixed length control field | 151009s xx 000 0 eng d |
| 020 ## - INTERNATIONAL STANDARD BOOK NUMBER | |
| International Standard Book Number | 0199207206 : |
| 040 ## - CATALOGING SOURCE | |
| Original cataloging agency | KABU |
| Transcribing agency | KABU |
| 100 1# - MAIN ENTRY--PERSONAL NAME | |
| Personal name | Lewinski, Silke Von. |
| -- | 0000186190 |
| 245 10 - TITLE STATEMENT | |
| Title | International copyright law and policy / |
| Statement of responsibility, etc. | Silke Von Lewinski. |
| 260 ## - PUBLICATION, DISTRIBUTION, ETC. (IMPRINT) | |
| Place of publication, distribution, etc. | Oxford : |
| Name of publisher, distributor, etc. | OUP, |
| Date of publication, distribution, etc. | 2008. |
| 300 ## - PHYSICAL DESCRIPTION | |
| Extent | lx, 618 p. |
| 650 #0 - SUBJECT ADDED ENTRY--TOPICAL TERM | |
| Topical term or geographic name as entry element | Copyright, International. |
| -- | 0000181532 |
| 650 #0 - SUBJECT ADDED ENTRY--TOPICAL TERM | |
| Topical term or geographic name as entry element | Copyright |
| General subdivision | Neighboring rights. |
| -- | 0000186191 |
| 650 #0 - SUBJECT ADDED ENTRY--TOPICAL TERM | |
| Topical term or geographic name as entry element | Foreign trade regulation. |
| -- | 0000162769 |
| 852 1# - LOCATION | |
| -- | p22500 KES |
| 908 ## - PUT COMMAND PARAMETER (RLIN) | |
| Put command parameter | 151009 |
| 950 ## - LOCAL HOLDINGS (RLIN) | |
| -- | 1 |
| Withdrawn status | Lost status | Source of classification or shelving scheme | Not for loan | Home library | Current library | Date acquired | Total Checkouts | Full call number | Barcode | Date last seen | Price effective from | Koha item type | Cost, normal purchase price | Copy number |
|---|---|---|---|---|---|---|---|---|---|---|---|---|---|---|
| Library of Congress Classification | Kabarak, Main Campus | Kabarak, Main Campus | 17/12/2015 | K1420.5 .L49 2008 c. 1 | 020561 | 17/12/2015 | 17/12/2015 | General Collection | ||||||
| Library of Congress Classification | Kabarak, Main Campus | Kabarak, Main Campus | 17/12/2015 | K1420.5 .L49 2008 c. 2 | 028342 | 31/01/2020 | 17/12/2015 | General Collection | 16185.00 | c. 2 | ||||
| Library of Congress Classification | Kabarak, Main Campus | Kabarak, Main Campus | 17/12/2015 | K1420.5 .L49 2008 c. 3 | 028343 | 31/01/2020 | 17/12/2015 | General Collection | 16185.00 | c. 3 |